000 00515nam a2200169 a 4500
001 000025682
005 20200930023953.0
008 110221s1989 000 spa d
040 _aDO-SdBNP
_bspa
_cBNPHU
082 _axxx
_bV434c
100 1 _aVelázquez, Lorenzo
_952448
245 1 0 _aCosas de mi país /
_cLorenzo Velásquez (Bulín).
260 _aSanto Domingo :
_bAmigo del Hogar,
_c1989.
300 _a24 p. ;
_c23 cm.
500 _aIncluye datos biográficos del autor en la contraportada
049 _aBNPD
999 _c25174
_d25174